000 00388nam a2200145Ia 4500
008 100122s9999 xx 000 0 und d
082 _b27821
_a823
100 _aदेवळे अंबादास
245 _aअभोगी
260 _bवसुधा प्रकाशन
_c1978
300 _a106
630 _aअभोगी
730 _aअभोगी
942 _cBOOK
999 _c413787
_d413784